000 00456nam a22001817a 4500
003 LK-CoDNM
005 20250218102554.0
008 250218b |||||||| |||| 00| 0 eng d
040 _aLK-CoDNM
_dLK-CoDNM
_eLK-CoDNM-
041 _aeng
080 _aRC
_b280
100 _aLewis J.P and Senaverathna John M
245 _aThe Ceylon Antiquary and Literary Register
300 _a355p.:21.5cm
650 _aCeylon
650 _aregister
942 _cBK
999 _c238105
_d238105